000 00839cam a2200289 4500
001 6261
003 BD-RjUL
005 20211208234220.0
008 140109s1969 ii a b 00000 eng
035 _a(BD-RjUL)6301
040 _aDLC
_cDLC
_dBOS
_dBD-RjUL
_beng
041 _aeng
082 0 4 _a398.209546
_bROF 1969
090 _aGR305.5.K3
_bF69
100 1 _aRoy Choudhury, Bani.
_919690
245 1 0 _aFolk tales of Kashmir /
_cBani Roy Choudhury.
260 _aDelhi :
_bSterling Publishers,
_cc1969.
300 _a118, [1] p. :
_billus. ;
_c22 cm.
350 _a10.00.
490 1 _aFolk tales of India series,
_v2.
504 _aBibliography: p. 119.
650 0 _aTales
_zIndia
_zJammu and Kashmir.
_919691
830 0 _v2.
_919694
830 0 _aFolk tales of India series,
_919695
942 _2ddc
_cBK
999 _c6261
_d6261